000
00329nam a2200145Ia 4500
003
OSt
005
20240322150323.0
008
170523s9999 xx 000 0 und d
020
_a
978-0765612892
040
_c
iimtu meerut
100
_a
FORGANG
245
0
_a
STRATEGY SPECIFIC DECISION MAKING
260
_b
PHI
942
_2
ddc
_c
02
999
_c
1863
_d
1863